| 000 | 00707nam a2200181Ia 4500 | ||
|---|---|---|---|
| 008 | 090124s9999 xx 000 0 und d | ||
| 082 | _b6084 | ||
| 100 | _aपाध्ये भाऊ | ||
| 245 | _a बॅरिस्टर अनिरुध्द धोपेश्र्वरकर | ||
| 250 | _a1 | ||
| 260 |
_bपॉप्य़ुलर प्रकाशन _c1967 |
||
| 300 | _a132 | ||
| 600 | _aपाध्ये भाऊ | ||
| 630 | _a बॅरिस्टर अनिरुध्द धोपेश्र्वरकर | ||
| 700 | _aपाध्ये भाऊ | ||
| 730 | _a बॅरिस्टर अनिरुध्द धोपेश्र्वरकर | ||
| 942 | _cBOOK | ||
| 999 |
_c84162 _d84162 |
||